Oceanography
Kaydedildi:
| Materyal Türü: | Kitap |
|---|---|
| Dil: | İngilizce |
| Baskı/Yayın Bilgisi: |
Englewood Cliffs
Prentice-Hall
1973
|
| Konular: | |
| Etiketler: |
Etiketle
Etiket eklenmemiş, İlk siz ekleyin!
|
MARC
| LEADER | 00000nam a2200000 a 4500 | ||
|---|---|---|---|
| 001 | UCY3807 | ||
| 003 | CL-VaPUC | ||
| 008 | 950118e19730000US |||||||||||||||||eng|d | ||
| 082 | 0 | 4 | |a 551.46 |b OCE |2 21 |
| 245 | 1 | 0 | |a Oceanography |
| 300 | |a 325 p | ||
| 942 | |c BK | ||
| 945 | |d 19950118 00:00:00 |a mfernand | ||
| 260 | |a Englewood Cliffs |b Prentice-Hall |c 1973 | ||
| 650 | 0 | |a Oceanografía |9 260014 | |
| 583 | |a last modification |c 20140827 05:49:57 |k Rodrigo Vera | ||
| 999 | |c 231856 |d 231854 | ||
| 952 | |0 0 |1 0 |2 ddc |4 0 |6 551_460000000000000_OCE_1973 |7 0 |8 P |9 235615 |a BIBCUR |b BIBCUR |c PAC |d 2019-11-15 |i 3054241 |o 551.46 OCE 1973 |p 3054241 |r 2025-04-22 |w 2019-11-15 |y BK |k CIM | ||